Route guidance and in-car communication systems : (Record no. 543357)

000 -LEADER
fixed length control field 00787nam a2200193 a 4500
020 ## - INTERNATIONAL STANDARD BOOK NUMBER
International Standard Book Number 9264130462 (pbk.)
022 ## - INTERNATIONAL STANDARD SERIAL NUMBER
International Standard Serial Number 9264130462
082 00 - DEWEY DECIMAL CLASSIFICATION NUMBER
Classification number 388.3242
Author Mark ORG
-- L-18, P-22
245 00 - TITLE STATEMENT
Title Route guidance and in-car communication systems :
Remainder of title report /
Statement of responsibility, etc. prepared by an OECD scientific experts group.
260 ## - PUBLICATION, DISTRIBUTION, ETC.
Place of publication, distribution, etc. Paris :
Name of publisher, distributor, etc. Organisation for Economic Co-operation and Development ;
Place of publication, distribution, etc. Washington, D.C. :
Name of publisher, distributor, etc. OECD Publications and Information Centre [distributor],
Date of publication, distribution, etc. 1988.
300 ## - PHYSICAL DESCRIPTION
Extent 104 p. :
Other physical details ill. ;
Dimensions 27 cm.
526 ## - STUDY PROGRAM INFORMATION NOTE
Program name 0
Interest level 0
Reading level 0
Title point value 388_324200000000000_ORG
650 #0 - SUBJECT ADDED ENTRY--TOPICAL TERM
Topical term or geographic name entry element Automobile driving
General subdivision Automation.
9 (RLIN) 38716
650 #0 - SUBJECT ADDED ENTRY--TOPICAL TERM
Topical term or geographic name entry element Highway communications.
650 #0 - SUBJECT ADDED ENTRY--TOPICAL TERM
Topical term or geographic name entry element NUST
9 (RLIN) 6342
700 ## - ADDED ENTRY--PERSONAL NAME
Personal name O.E.C.D
710 2# - ADDED ENTRY--CORPORATE NAME
Corporate name or jurisdiction name as entry element Organisation for Economic Co-operation and Development.
9 (RLIN) 2909
942 ## - ADDED ENTRY ELEMENTS (KOHA)
Source of classification or shelving scheme
Koha item type Book
Holdings
Withdrawn status Lost status Source of classification or shelving scheme Damaged status Not for loan Permanent Location Current Location Date acquired Total Checkouts Full call number Barcode Date last seen Price effective from Koha item type
          Military College of Engineering (MCE) Military College of Engineering (MCE) 03/21/2014   388.3242 ORG MCE-24896 03/21/2014 03/21/2014 Book
© 2023 Central Library, National University of Sciences and Technology. All Rights Reserved.